Géographie - Les 20 villes les plus peuplées de Corrèze - Statistiques

Statistiques générales
  • Ce quiz a été pris 35 fois
  • Le résultat moyen est 7 sur 20
Statistiques - réponses
HINT HINT ANSWER % Correct
13 602 T Tulle
100%
46 769 B Brive-la-Gaillarde
90%
9 174 U Ussel
90%
7 995 M Malemort
52%
2 806 U Uzerche
45%
4 336 É Égletons
41%
2 326 M Meymac
31%
4 271 U Ussac
31%
2 714 D Donzenac
28%
3 737 O Objat
28%
5 006 S Saint-Pantaléon-de-Larche
28%
2 857 A Argentat-sur-Dordogne
24%
3 042 C Cosnac
24%
4 050 A Allassac
21%
2 487 B Bort-les-Orgues
21%
2 318 N Naves
17%
2 436 V Varetz
17%
2 253 L Lubersac
14%
1 888 S Saint-Viance
10%
2 060 S Sainte-Féréole
7%
Aucun quiz correspondant
Distribution des résultats
% des personnes avec chaque résultat
Percentile par nombre de réponses
Votre historique - résultats
Vous n’avez pas pris ce quiz